| 000 | 01230nam a2200229 i 4500 | ||
|---|---|---|---|
| 001 | 162430 | ||
| 003 | ES-MaACL | ||
| 005 | 20250811063158.0 | ||
| 008 | 931025s1784 sp |||| | spa d | ||
| 040 |
_aCAM _bspa _cPAB |
||
| 100 | 1 |
_aPonz, Antonio, _d1725-1792 _993069 |
|
| 245 | 1 | 0 |
_aViage de España en que se da noticia de las cosas mas apreciables y dignas de saberse que hay en ella / _csu autor D. Antonio Ponz ... ; tomo octavo. |
| 250 | _aSegunda edición. | ||
| 260 |
_aMadrid : _bpor D. Joachin Ibarra ... se hallará ... en su imprenta, _c1784. |
||
| 300 |
_a[2], XX, 249 p., [7] h. de grab. ; _c8º. |
||
| 596 | _aMarca tip. en port. | ||
| 597 | _aSign. : A-R8. | ||
| 599 | _aH. de grab. calc. (4 pleg.): "Ballester f.", alegórica, "Rod. Esc.", puente de Alcántara y Templo romano. | ||
| 650 |
_aExtremadura- _xDescripción. _9223665 |
||
| 852 |
_aES-MaACL _jR-468-85 _z-- Enc. piel, no original de la época _x-- Edic.: este ejemp. tiene [1] h. de grab. calc.: "Arco de Trofeo en Cáparra", [1] h. de grab. calc. pleg.: "Puente de Mérica" y [1] h. de grab. calc. alegórica que es común a todos los tomos, con la leyenda "Multa renascentur" _x Olim: F-12859-76 |
||
| 999 |
_c162430 _d162430 |
||